| 000 | 00531nam a2200181Ia 4500 | ||
|---|---|---|---|
| 005 | 20250326125228.0 | ||
| 008 | 250326s9999 xx 000 0 und d | ||
| 037 | _aTextbook | ||
| 040 |
_aFMSL _beng _cFMSL |
||
| 041 |
_aeng _2eng |
||
| 084 |
_aX5:5.1 L8 _qFMSL |
||
| 100 |
_aFaundez J _9738694 |
||
| 245 | 0 |
_aNationalisation of multinationals in peripheral economies _cFaundez J; Picciotto S |
|
| 260 |
_aLondon _bLondon, Macmillan _c1978 |
||
| 300 | _a238p | ||
| 942 |
_cTB _hX5:5.1 L8 |
||
| 999 |
_c1277099 _d1277099 |
||